000 00467nam a2200193Ia 4500
008 210210b1935 xxu||||| |||| 00| 0 eng d
041 _aeng
082 _a320/49
100 _aBASSETT (R)
245 _aEssentials of parliamentary democracy
260 _aLondon
_bMacmillan & Co. Ltd.
_c1935
300 _axx,259
650 _aparliamentary
650 _aof
650 _aEssentials
650 _ademocracy
690 _aPolitical Science
906 _a001804
999 _c117027
_d117027